• 首页
  • 本馆介绍
  • 公告通知
  • 最新文献
  • 馆藏检索
  • 电子资源
  • 读者导购
  • 参考咨询
  • 我的图书馆
  • 登录
  • 详细信息显示
  • 放入我的书架
  • 预约/预借图书
  • 作者相关作品
  • 分类相关作品
  • 丛书相关作品
  • 出版社相关作品

书目信息

  • 表格格式
  • 工作单格式
  • 卡片格式
题名:
最“牛”的后勤
    
 
作者: 姚占胜 著
分册:  
出版信息: 北京   中国商务出版社  2018.01
页数: 155页
开本: 21cm
丛书名:
单 册:
中图分类: G637.4
科图分类:
主题词: 中小学--学校管理--后勤管理
电子资源:
ISBN: 978-7-5103-2284-6
000 00888nam0 2200241 450
001 0103152655
005 20201103152731.0
010    @a978-7-5103-2284-6@dCNY27.00
100    @a20181129e20202018em y0chiy50 ea
101 0  @achi
102    @aCN@b110000
105    @aa z 000yy
106    @ar
200 1  @a最“牛”的后勤@Azui “ niu ” de hou qin@e一位副校长的教育故事@f姚占胜著
210    @a北京@c中国商务出版社@d2018.01@h2020.06
215    @a155页@c照片, 图@d21cm
330    @a本书诠释了后勤服务保障在学校发展和学生教育中的特殊地位和作用。全书内容包括:课堂之外的教师、做好服务不简单、提升团队执行力、创造服务新模式等。
517 1  @a一位副校长的教育故事@Ayi wei fu xiao zhang de jiao yu gu shi
606 0  @a中小学@x学校管理@x后勤管理
690    @aG637.4@v5
701  0 @a姚占胜@Ayao zhan sheng@f(1968~)@4著
801  0 @aCN@bBJSZM@c20201103
905    @b1257041-5@dG637.4@e1757@f5
    
    最“牛”的后勤:一位副校长的教育故事/姚占胜著.-北京:中国商务出版社,2018.01(2020.06)
    155页:照片, 图;21cm
    
    
    ISBN 978-7-5103-2284-6:CNY27.00
    本书诠释了后勤服务保障在学校发展和学生教育中的特殊地位和作用。全书内容包括:课堂之外的教师、做好服务不简单、提升团队执行力、创造服务新模式等。
●
相关链接 在E读中查询图书 在五车中查询图书 在当当中查询图书 在豆瓣中查询图书


正题名:最"牛"的后勤     索取号:G637.4/1757         预约/预借

序号 登录号 条形码 馆藏地/架位号 状态 备注
1 1257041   212570412   第一样本阅览室/ [索取号:G637.4/1757] 在馆    
2 1257042   212570421   教育系资料室/ [索取号:G637.4/1757] 在馆    
3 1257043   212570430   教育系资料室/ [索取号:G637.4/1757] 在馆    
4 1257044   212570449   第四借阅区/ [索取号:G637.4/1757] 在馆    
5 1257045   212570458   第四借阅区/ [索取号:G637.4/1757] 在馆    
唐山师范学院图书馆 欢迎您!
大连网信软件有限公司© 版权所有